Learning R for geospatial analysis: (Record no. 6218)
[ view plain ]
| 000 -LEADER | |
|---|---|
| fixed length control field | 00769nam a22002417a 4500 |
| 003 - CONTROL NUMBER IDENTIFIER | |
| control field | OSt |
| 005 - DATE AND TIME OF LATEST TRANSACTION | |
| control field | 20220107122845.0 |
| 008 - FIXED-LENGTH DATA ELEMENTS--GENERAL INFORMATION | |
| fixed length control field | 180905b xxu||||| |||| 00| 0 eng d |
| 020 ## - INTERNATIONAL STANDARD BOOK NUMBER | |
| International Standard Book Number | 9781783984367 |
| 040 ## - CATALOGING SOURCE | |
| Transcribing agency | IIITMK |
| 082 ## - DEWEY DECIMAL CLASSIFICATION NUMBER | |
| Classification number | 910.285 DOR/L |
| 100 ## - MAIN ENTRY--PERSONAL NAME | |
| Personal name | Dorman, Michael |
| 9 (RLIN) | 14780 |
| 245 ## - TITLE STATEMENT | |
| Title | Learning R for geospatial analysis: |
| Remainder of title | Leverage the power of R to elegantly manage crucial geospatial analysis tasks |
| Statement of responsibility, etc. | Michael Dorman |
| 260 ## - PUBLICATION, DISTRIBUTION, ETC. | |
| Place of publication, distribution, etc. | Birmingham, |
| Name of publisher, distributor, etc. | Packt Publishing, |
| Date of publication, distribution, etc. | 2014. |
| 300 ## - PHYSICAL DESCRIPTION | |
| Extent | v, 345p. |
| 650 ## - SUBJECT ADDED ENTRY--TOPICAL TERM | |
| Topical term or geographic name entry element | COMPUTER SCIENCE |
| 9 (RLIN) | 14864 |
| 650 ## - SUBJECT ADDED ENTRY--TOPICAL TERM | |
| Topical term or geographic name entry element | PROGRAMMING LANAGUAGE |
| 9 (RLIN) | 14865 |
| 650 ## - SUBJECT ADDED ENTRY--TOPICAL TERM | |
| Topical term or geographic name entry element | R LANGUAGE |
| 9 (RLIN) | 14866 |
| 650 ## - SUBJECT ADDED ENTRY--TOPICAL TERM | |
| Topical term or geographic name entry element | GEOSPATIAL ANALYTICS |
| 9 (RLIN) | 14867 |
| 650 ## - SUBJECT ADDED ENTRY--TOPICAL TERM | |
| Topical term or geographic name entry element | GIS |
| 9 (RLIN) | 14868 |
| 650 ## - SUBJECT ADDED ENTRY--TOPICAL TERM | |
| Topical term or geographic name entry element | GEOGRAPHICAL INFORMATION SYSTEMS |
| 9 (RLIN) | 14869 |
| 942 ## - ADDED ENTRY ELEMENTS (KOHA) | |
| Source of classification or shelving scheme | Dewey Decimal Classification |
| Koha item type | Books |
| Withdrawn status | Lost status | Source of classification or shelving scheme | Damaged status | Not for loan | Collection code | Home library | Current library | Shelving location | Date acquired | Cost, normal purchase price | Total Checkouts | Total Renewals | Full call number | Barcode | Date last seen | Date last checked out | Price effective from | Koha item type |
|---|---|---|---|---|---|---|---|---|---|---|---|---|---|---|---|---|---|---|
| Dewey Decimal Classification | Geographical Information Systems/ Spatial Data Analysis | Kerala University of Digital Sciences, Innovation and Technology Knowledge Centre | Kerala University of Digital Sciences, Innovation and Technology Knowledge Centre | GIS(Geographical Information System) | 05/09/2018 | 799.00 | 6 | 910.285 DOR/L | 5258 | 08/02/2022 | 14/01/2022 | 05/09/2018 | Books |